[Event "IECC M-5418"]
[Site "IECC email"]
[Date "2006.02.02"]
[Round "?"]
[White "Van Eeken, Ruud"]
[Black "Hay, George"]
[Result "0-1"]
[WhiteElo "1200"]
[BlackElo "1259"]
[PlyCount "28"]
[EventDate "2006.??.??"]
[EventType "tourn (corr)"]
[EventRounds "10"]
[SourceTitle "Corr 2020"]
[Source "ChessBase"]
[SourceDate "2019.09.30"]
[SourceVersion "1"]
[SourceVersionDate "2019.09.30"]
[SourceQuality "1"]
[WhiteTeam "Netherlands"]
[BlackTeam "Canada"]
[WhiteTeamCountry "NED"]
[BlackTeamCountry "CAN"]

1. d4 Nf6 2. c4 d6 3. Nc3 Bd7 4. Bf4 e5 5. Bg5 exd4 6. Bxf6 Qxf6 7. Nf3 dxc3 8. bxc3 Qxc3+ 9. Nd2 Be7 10. Rb1 Na6 11. Rxb7 Nb4 12. e4 Nc2+ 13. Ke2 Bg4+ 14. f3 Qe3# 0-1